Statistics for Monarchs by Letter - M

Click here to take the quiz!

General Stats

  • This quiz has been taken 46 times
  • The average score is 9 of 18

Answer Stats

ReignNationTitleHintMonarch% Correct
1553–1558Queen
"Bloody" queen succeeded by Elizabeth
Mary
95%
1040–1057KingNamesake of a Shakespeare playMacbeth
85%
1972–QueenHas a strong archaeological passionMargrethe II
78%
1999–KingRichest monarch outside AsiaMohammed VI
78%
1745–1780EmpressOnly female Habsburg rulerMaria Theresa
68%
1864–1867EmperorAustrian royal who was executedMaximillian I
58%
1927–1930,
1940–1947
King
Was forced to abdicate by the Soviets.
He lived for 70 years after
Michael I
58%
1444–1446,
1451–1481
SultanHis conquest of Constantinople ended
the Byzantine Empire
Mehmed II
55%
161–180EmperorWas also a stoic philosopherMarcus Aurelius
53%
1312–1337MansaRichest man in history (maybe)Musa
53%
1908–1910KingPortugal's last monarchManuel II
45%
1502–1520Huey TlatoaniThe Spaniards killed him in 1520Moctezuma II
45%
1867–1912EmperorMoved the capital to TokyoMeiji
35%
1941–1979ShahOverthrown after the Iranian RevolutionMohammad Reza Pahlavi
30%
1986–KingHas 15 wivesMswati III
15%
960–992DukeFirst Christian ruler of PolandMieszko I
10%
1851–1868KingHis life was depicted in "The King and I"Mongkut
10%
661–680CaliphFounded the Umayyad caliphateMuawiyah I
8%

Score Distribution

Percentile by Number Answered

Percent of People with Each Score

Your Score History

You have not taken this quiz